000 00786nam a2200277Ia 4500
003 OSt
005 20221006153701.0
006 a|||||r|||| 00| 0
007 ta
008 221006b |||||||| |||| 00| 0 eng d
020 _a9780295956923
024 _a33,049
037 _cBound Volumes
040 _aEASL
_cEASL
_beng
041 _2eng
_aeng
082 _aQ8412:364, L7
100 _aWilhelm Hellmut Au.
_9664947
245 0 _aHeaven Earth and Man in the Book of Changes
_bSeven Eranos Lectures
260 _awashington
_bWishington University Press U.S.A
_c1977
300 _axi,230P.
_ccm.
490 _v Gen
650 _a Gen
650 _aChing
_9664948
942 _hQ8412:364, L7
_cCR
_2CC
999 _c1101135
_d1101135